[Event "I Miedzynarodowy Memorial Ireny Warakomskiej - Open A"]
[Site "Suwalki"]
[Date "2017-08-11"]
[Round "1.1"]
[White "Bartel, Mateusz"]
[Black "Dzierzak, Radoslaw "]
[Result "1-0"]
[WhiteTitle ""]
[BlackTitle ""]
[WhiteElo "2608"]
[BlackElo "2276"]

1. d4 Nf6 2. Nf3 e6 3. c4 Bb4+ 4. Nbd2 d6 5. g3 Nc6 6. Bg2 a5 7. O-O e5 8. e3 O-O
9. Nb1 e4 10. Ng5 d5 11. a3 h6 12. cxd5 hxg5 13. dxc6 Bd6 14. Nc3 Re8 15. f3 exf3
16. Qxf3 bxc6 17. e4 Bg4 18. Qf2 c5 19. dxc5 Be5 20. Bxg5 c6 21. Bf3 Bxf3 22.
Qxf3 Qe7 23. Na4 Bd4+ 24. Kh1 Qxe4 25. Rad1 Rab8 26. Qxe4 Rxe4 27. Rf4 Be5 28.
Rxe4 Nxe4 29. Rd8+ Rxd8 30. Bxd8 Nf2+ 31. Kg2 Nd3 32. Bxa5 Nxb2 33. Nxb2 Bxb2
34. a4 Kf8 35. Bc7 Ke8 36. a5 Kd7 37. Bd6 Kc8 38. a6 f5 39. Kf3 Bc1 40. g4 fxg4+
41. Kxg4 g6 42. Bf4 Ba3 43. Be3 1-0

[Event "I Miedzynarodowy Memorial Ireny Warakomskiej - Open A"]
[Site "Suwalki"]
[Date "2017-08-11"]
[Round "1.2"]
[White "Bugalski, Michal "]
[Black "Tomczak, Jacek "]
[Result "0-1"]
[WhiteTitle ""]
[BlackTitle ""]
[WhiteElo "2250"]
[BlackElo "2598"]

1. e4 c6 2. Nf3 d5 3. Nc3 Bg4 4. h3 Bxf3 5. Qxf3 e6 6. d4 a6 7. Be3 Bb4 8. a3 Bxc3+
9. bxc3 Nf6 10. exd5 cxd5 11. c4 Nc6 12. cxd5 Nxd5 13. Bd3 Nxe3 14. fxe3 Qa5+
15. Kf2 O-O 16. Rhd1 f5 17. Kg1 Kh8 18. Rf1 Rf6 19. Rab1 Qc7 20. c3 e5 21. Qg3
Raf8 22. Kh1 Qe7 23. a4 h6 24. Bc2 g5 25. Rf2 e4 26. Rbf1 f4 27. Qg4 Na5 28. g3
Nc4 29. exf4 Ne3 30. Qe2 Nxf1 31. Rxf1 gxf4 32. Bxe4 Re8 33. Re1 Re6 34. Qh5 Qg5
35. Qf7 R6e7 0-1

[Event "I Miedzynarodowy Memorial Ireny Warakomskiej - Open A"]
[Site "Suwalki"]
[Date "2017-08-11"]
[Round "1.3"]
[White "Mastrovasilis, Dimitrios "]
[Black "Polok, Kacper"]
[Result "1-0"]
[WhiteTitle ""]
[BlackTitle ""]
[WhiteElo "2596"]
[BlackElo "2249"]

1. e4 e6 2. d4 d5 3. Nd2 Nf6 4. e5 Nfd7 5. f4 c5 6. c3 Nc6 7. Ndf3 Qb6 8. a3 a5
9. b3 Be7 10. h4 f6 11. Bd3 Nf8 12. Ne2 Bd7 13. h5 O-O-O 14. Be3 cxd4 15. cxd4
Bxa3 16. h6 Bb4+ 17. Kf2 g5 18. exf6 gxf4 19. Bxf4 e5 20. Nxe5 Ne6 21. Bf5 Nxf4
22. Nxd7 Rxd7 23. Nxf4 Nxd4 24. Nxd5 Qc5 25. Bxd7+ Kxd7 26. Nxb4 Rf8 27. Rh5 Rxf6+
28. Kg1 Qxb4 29. Ra4 1-0

[Event "I Miedzynarodowy Memorial Ireny Warakomskiej - Open A"]
[Site "Suwalki"]
[Date "2017-08-11"]
[Round "1.4"]
[White "Scripcaru, George-daniel "]
[Black "Sadzikowski, Daniel"]
[Result "1/2-1/2"]
[WhiteTitle ""]
[BlackTitle ""]
[WhiteElo "2247"]
[BlackElo "2594"]

1. d4 Nf6 2. c4 g6 3. Nc3 d5 4. Nf3 Bg7 5. Qb3 dxc4 6. Qxc4 O-O 7. e4 c6 8. Be2
b5 9. Qb3 a5 10. e5 a4 11. Qd1 Nd5 12. Nxd5 Qxd5 13. Be3 f6 14. O-O Be6 15. Qc2
Qd7 16. Rfd1 Na6 17. Ne1 Bf5 18. Qc3 Nc7 19. Rac1 Ra6 20. f4 Nd5 21. Qd2 Be4 22.
Nd3 Bxd3 23. Bxd3 e6 24. Be4 Rd8 25. Bf2 f5 26. Bf3 Bh6 27. g3 a3 28. b3 Bf8 29.
Qe2 Be7 30. Be1 Kh8 31. Kh1 Rg8 32. Bd2 Rd8 33. Be1 Rg8 34. Bd2 Rd8 35. Be1 1/2-1/2

[Event "I Miedzynarodowy Memorial Ireny Warakomskiej - Open A"]
[Site "Suwalki"]
[Date "2017-08-11"]
[Round "1.5"]
[White "Czarnota, Pawel"]
[Black "Okrucinski, Tadeusz"]
[Result "1-0"]
[WhiteTitle ""]
[BlackTitle ""]
[WhiteElo "2577"]
[BlackElo "2244"]

1. e4 c5 2. Nf3 Nc6 3. d4 cxd4 4. Nxd4 Nf6 5. Nc3 d6 6. Bg5 e6 7. Qd2 Be7 8. O-O-O
h6 9. Bxf6 Bxf6 10. Nxc6 bxc6 11. Qxd6 Qxd6 12. Rxd6 Bxc3 13. bxc3 Bb7 14. Bc4
Ke7 15. Rhd1 Rhd8 16. R6d3 c5 17. f3 Bc6 18. e5 Rab8 19. h4 h5 20. Rd6 Rxd6 21.
Rxd6 Rb6 22. Kd2 Ba4 23. Rxb6 axb6 24. Bd3 f5 25. Ke3 Kf7 26. Kf4 g6 27. g4 Bc6
28. Be2 hxg4 29. fxg4 Ba4 30. Bd3 fxg4 31. Kxg4 Be8 32. Kg5 Kg7 33. a3 b5 34.
c4 bxc4 35. Bxc4 Bd7 36. Bd3 Be8 37. c3 1-0

[Event "I Miedzynarodowy Memorial Ireny Warakomskiej - Open A"]
[Site "Suwalki"]
[Date "2017-08-11"]
[Round "1.6"]
[White "Zochowski, Kacper"]
[Black "Sandipan, Chanda "]
[Result "1/2-1/2"]
[WhiteTitle ""]
[BlackTitle ""]
[WhiteElo "2239"]
[BlackElo "2568"]

1. c4 f5 2. g3 Nf6 3. Bg2 g6 4. b3 Bg7 5. Bb2 O-O 6. Nf3 d6 7. d4 Ne4 8. Nbd2 Nc6
9. O-O e6 10. e3 Nxd2 11. Nxd2 Qg5 12. f4 Qe7 13. Nf3 a5 14. Qd2 e5 15. d5 Nd8
16. Rfe1 e4 17. Bxg7 Qxg7 18. Nd4 Bd7 19. a3 h6 20. Rec1 b6 21. b4 g5 22. Kh1
Nb7 23. Bh3 g4 24. Bf1 Ra7 25. Qb2 h5 26. Ra2 Rfa8 27. Rca1 h4 28. Kg1 Kf7 29.
Qd2 Qf6 30. Be2 Ke7 31. Bf1 Qh8 32. Bg2 Qb8 33. Qb2 Nd8 34. Qf2 axb4 35. axb4
h3 36. Bf1 Rxa2 37. Rxa2 Ra7 38. Qb2 Qa8 39. Rxa7 Qxa7 40. Nc2 Qa4 41. Be2 Nf7
42. Kf2 Qa8 43. Nd4 Qa4 44. Ke1 Qa8 45. Kf2 Qa4 1/2-1/2

[Event "I Miedzynarodowy Memorial Ireny Warakomskiej - Open A"]
[Site "Suwalki"]
[Date "2017-08-11"]
[Round "1.7"]
[White "Markowski, Tomasz"]
[Black "Teglas, Balazs "]
[Result "1-0"]
[WhiteTitle ""]
[BlackTitle ""]
[WhiteElo "2552"]
[BlackElo "2238"]

1. d4 Nf6 2. Nf3 c5 3. d5 e6 4. c4 d6 5. Nc3 exd5 6. cxd5 a6 7. a4 g6 8. Bf4 Bg7
9. e4 O-O 10. Be2 Nh5 11. Bg5 Bf6 12. Bh6 Re8 13. Nd2 Ng7 14. O-O Nd7 15. Qc2
Be5 16. Nf3 Bf6 17. a5 Ne5 18. Nd2 g5 19. Rfe1 Rb8 20. Ra3 Ng4 21. Bxg4 Bxg4 22.
h3 Bd7 23. Nf3 g4 24. hxg4 Bxg4 25. Nh2 Bd7 26. Nf3 b5 27. axb6 Qxb6 28. Rb1 Qb4
29. Nd2 a5 30. Nd1 Bd4 31. Ne3 f5 32. Qd1 a4 33. Bxg7 Bxg7 34. Nxf5 Bxf5 35. exf5
Qd4 36. Rxa4 Qxd5 37. Ne4 Qxd1+ 38. Rxd1 Be5 39. f4 Bxb2 40. Rxd6 Rf8 41. Rd5
Bd4+ 42. Kh2 Rbd8 43. Rxd8 Rxd8 44. Kg3 Rd7 45. Ra8+ Kg7 46. Rc8 Rf7 47. Kg4 1-0

[Event "I Miedzynarodowy Memorial Ireny Warakomskiej - Open A"]
[Site "Suwalki"]
[Date "2017-08-11"]
[Round "1.8"]
[White "Zakrzewski, Marek"]
[Black "Kveinys, Aloyzas "]
[Result "0-1"]
[WhiteTitle ""]
[BlackTitle ""]
[WhiteElo "2237"]
[BlackElo "2548"]

1. e4 c5 2. Nf3 e6 3. d4 cxd4 4. Nxd4 a6 5. c4 Nf6 6. Nc3 Bb4 7. Qd3 O-O 8. a3
Bxc3+ 9. bxc3 d6 10. Be2 Nbd7 11. f3 Qc7 12. Qc2 Ne5 13. Qb3 Nfd7 14. Rb1 Nc5
15. Qc2 Bd7 16. O-O Na4 17. Rb4 Nc5 18. Be3 Rfc8 19. f4 Nc6 20. Nxc6 Bxc6 21.
Bf3 a5 22. Rbb1 Ba4 23. Qb2 Bb3 24. Kh1 a4 25. Qe2 e5 26. Rb2 Ne6 27. c5 exf4
28. Bg1 Nxc5 29. Bg4 Ne6 30. Bxe6 fxe6 31. Rxf4 Qxc3 32. Rf3 Qe5 33. Qd2 Rc4 34.
Bf2 Rac8 35. Rb1 Qxe4 36. Re1 Rc2 37. Qa5 Qd5 38. Qb4 Rc1 39. Qf4 Rxe1+ 40. Bxe1
e5 41. Qf5 Qe6 42. Qg5 h6 43. Qe3 d5 44. Rg3 d4 45. Qd2 Rc2 46. Qa5 Rc1 47. h3
Bd5 48. Kh2 Kh7 49. Qd2 Rc4 50. Bf2 Qf5 51. Bg1 Rc2 52. Qb4 Bxg2 0-1

[Event "I Miedzynarodowy Memorial Ireny Warakomskiej - Open A"]
[Site "Suwalki"]
[Date "2017-08-11"]
[Round "1.9"]
[White "Warakomski, Tomasz "]
[Black "Jaroch, Karol"]
[Result "1-0"]
[WhiteTitle ""]
[BlackTitle ""]
[WhiteElo "2536"]
[BlackElo "2235"]

1. c4 e6 2. Nc3 Nf6 3. e4 d6 4. d4 Be7 5. f4 d5 6. e5 Ne4 7. Nxe4 dxe4 8. Ne2 O-O
9. Be3 b6 10. Nc3 Bb7 11. g3 Nc6 12. Bg2 Na5 13. Qe2 Bb4 14. Rc1 Nc6 15. Bxe4
Na5 16. Bxb7 Nxb7 17. Qf3 Na5 18. a3 Nb3 19. axb4 Nxc1 20. Qd1 Qe7 21. c5 a5 22.
b5 Rfd8 23. Qxc1 c6 24. O-O bxc5 25. dxc5 cxb5 26. Nxb5 Qb7 27. Nd6 Qc6 28. f5
exf5 29. Qc4 1-0

[Event "I Miedzynarodowy Memorial Ireny Warakomskiej - Open A"]
[Site "Suwalki"]
[Date "2017-08-11"]
[Round "1.10"]
[White "Szustakowski, Antoni "]
[Black "Mihok, Oliver"]
[Result "0-1"]
[WhiteTitle ""]
[BlackTitle ""]
[WhiteElo "2235"]
[BlackElo "2534"]

1. d4 d5 2. c4 e6 3. Nc3 c6 4. e4 dxe4 5. Nxe4 Bb4+ 6. Bd2 Qxd4 7. Bxb4 Qxe4+ 8.
Ne2 Na6 9. Bf8 Ne7 10. Bxg7 Nb4 11. Qd6 Nd3+ 12. Kd2 Nf5 13. Qxd3 Qxd3+ 14. Kxd3
Nxg7 15. f4 e5 16. fxe5 Bf5+ 17. Kc3 O-O-O 18. Nd4 Bg6 19. Re1 Rhe8 20. Nf3 Ne6
21. b4 c5 22. a3 Re7 23. g3 Red7 24. Be2 Rd3+ 25. Kb2 Re3 26. Rhf1 Bh5 27. h3
Kc7 28. g4 Bg6 29. Bd1 Rxe1 30. Rxe1 Nf4 31. Bc2 Nxh3 32. e6 fxe6 33. Bxg6 hxg6
34. Rxe6 Rf8 35. Nh4 Rf2+ 36. Kb3 g5 37. Nf5 Rf3+ 38. Ka4 cxb4 39. axb4 Kd8 40.
Rd6+ Kc7 41. Rg6 Rd3 42. Ne7 a6 43. Nd5+ Kb8 44. Nb6 Kc7 45. c5 Rd1 46. Na8+ Kc8
47. Rg8+ Rd8 48. Rg7 Kb8 49. Nb6 Nf2 50. Rxg5 Ne4 51. Rg7 Nc3+ 52. Ka5 Re8 53.
Rd7 Ka7 54. Rd3 Nb5 55. Ka4 Rg8 56. Rg3 Rg5 57. Nc4 Nd4 58. Nd6 Nc6 59. Ne4 Re5
60. Nf2 Re2 61. Nd3 Nd4 62. Ka3 Rc2 63. Nb2 a5 64. bxa5 Rxc5 65. Kb4 Rg5 66. Nc4
Nc6+ 67. Kc3 Nxa5 68. Nxa5 Rxa5 69. g5 Ra3+ 0-1

[Event "I Miedzynarodowy Memorial Ireny Warakomskiej - Open A"]
[Site "Suwalki"]
[Date "2017-08-11"]
[Round "1.11"]
[White "Kanarek, Marcel"]
[Black "Dmochowska, Agnieszka"]
[Result "1-0"]
[WhiteTitle ""]
[BlackTitle ""]
[WhiteElo "2530"]
[BlackElo "2234"]

1. c4 b6 2. d4 Nf6 3. Nc3 Bb7 4. d5 e5 5. g3 Bb4 6. Bd2 Qe7 7. Bg2 e4 8. Qc2 c6
9. Nxe4 Bxd2+ 10. Nxd2 cxd5 11. cxd5 Nxd5 12. Qb3 Qe6 13. Nh3 Bc6 14. Ng5 Qf5
15. e4 Qxg5 16. exd5 Bb7 17. Ne4 Qh6 18. Qa3 Ba6 19. Nd6+ 1-0

[Event "I Miedzynarodowy Memorial Ireny Warakomskiej - Open A"]
[Site "Suwalki"]
[Date "2017-08-11"]
[Round "1.12"]
[White "Dzhuguryan, Tygran "]
[Black "Gleizerov, Evgeny"]
[Result "0-1"]
[WhiteTitle ""]
[BlackTitle ""]
[WhiteElo "2230"]
[BlackElo "2519"]

1. d4 e6 2. c4 f5 3. g3 Nf6 4. Bg2 d5 5. Nf3 Be7 6. O-O O-O 7. b3 b6 8. Ba3 Bb7
9. Bxe7 Qxe7 10. cxd5 exd5 11. Ne5 c5 12. Nc3 Na6 13. e3 Ne4 14. Rc1 Rac8 15.
f4 Rfd8 16. Nb5 Bc6 17. Qe2 Nb4 18. a3 a6 19. Bxe4 Bxb5 20. Qd2 dxe4 21. axb4
Bxf1 22. Kxf1 Qe6 23. Rc4 h6 24. Kg2 Kh7 25. Qc3 cxd4 26. exd4 e3 27. Kf1 b5 28.
d5 Qxd5 29. Rxc8 Qd1+ 30. Kg2 0-1

[Event "I Miedzynarodowy Memorial Ireny Warakomskiej - Open A"]
[Site "Suwalki"]
[Date "2017-08-11"]
[Round "1.13"]
[White "Ulybin, Mikhail"]
[Black "Czajkowski, Adam "]
[Result "1-0"]
[WhiteTitle ""]
[BlackTitle ""]
[WhiteElo "2518"]
[BlackElo "2223"]

1. e4 c5 2. Nf3 e6 3. c3 d5 4. exd5 Qxd5 5. d4 Nf6 6. Bd3 Be7 7. O-O O-O 8. Be3
cxd4 9. cxd4 Nc6 10. Nc3 Qd6 11. a3 b6 12. Qc2 Bb7 13. Rad1 Rac8 14. Rfe1 Rfd8
15. d5 Nxd5 16. Nxd5 exd5 17. Bxh7+ Kf8 18. Qf5 Bf6 19. Bf4 Qc5 20. Qxf6 1-0

[Event "I Miedzynarodowy Memorial Ireny Warakomskiej - Open A"]
[Site "Suwalki"]
[Date "2017-08-11"]
[Round "1.14"]
[White "Czerw, Dawid "]
[Black "Vetoshko, Volodymyr"]
[Result "0-1"]
[WhiteTitle ""]
[BlackTitle ""]
[WhiteElo "2222"]
[BlackElo "2517"]

1. d4 Nf6 2. c4 e6 3. Nc3 Bb4 4. f3 d5 5. a3 Bxc3+ 6. bxc3 O-O 7. e3 c6 8. Bd3
b6 9. Ne2 Ba6 10. cxd5 cxd5 11. O-O Qc8 12. e4 Bxd3 13. Qxd3 Nc6 14. Bg5 Ne8 15.
e5 Qd7 16. f4 f5 17. exf6 Nxf6 18. Bxf6 Rxf6 19. c4 dxc4 20. Qxc4 Rd8 21. Rfd1
Ne7 22. g3 Rf5 23. Nc3 Nc6 24. Ne2 Ra5 25. Rd3 Ne7 26. Re3 Kf7 27. Re5 Nc6 28.
Rxa5 Nxa5 29. Qd3 g6 30. Rc1 Rc8 31. Rc3 Rc6 32. Kf2 Qd5 33. Rxc6 Nxc6 34. Ke3
Ne7 35. Qa6 Qa8 36. Qc4 Qg2 37. Qc7 Qxh2 38. Qxa7 Kf6 39. Qb8 Kf7 40. Qb7 Qh5
41. Kf2 Qa5 42. Qc7 h6 43. Qd8 h5 44. Qc7 Qxa3 45. Qxb6 Nd5 46. Qd8 Qe3+ 47. Ke1
Qa3 48. Kf2 Qa7 49. Qc8 Nf6 50. Qc6 Ng4+ 51. Ke1 Qa5+ 52. Qc3 Qb6 53. Qd3 Qb7
54. Qc3 Nf6 55. Qe3 Qb1+ 56. Nc1 Ne4 57. Kd1 Kf6 58. d5 exd5 59. Qd4+ Kf5 60.
Qxd5+ Kg4 61. Qe6+ Kf3 62. Qc6 Ke3 63. Qe6 Qb2 64. Nb3 Qb1+ 65. Nc1 Kf3 66. Qc6
Kf2 67. Qc4 Kxg3 68. Ke2 Qb2+ 69. Kd3 Nf2+ 70. Ke3 Ng4+ 71. Ke4 Qg2+ 72. Kd3 Qf3+
0-1

[Event "I Miedzynarodowy Memorial Ireny Warakomskiej - Open A"]
[Site "Suwalki"]
[Date "2017-08-11"]
[Round "1.15"]
[White "Jakubowski, Krzysztof"]
[Black "Kyrychenko, Maryan "]
[Result "1-0"]
[WhiteTitle ""]
[BlackTitle ""]
[WhiteElo "2515"]
[BlackElo "2219"]

1. c4 b6 2. Nc3 Bb7 3. e4 e6 4. Nf3 Bb4 5. Bd3 Bxc3 6. dxc3 d6 7. O-O Nd7 8. Qe2
h6 9. Nd4 Ne7 10. b4 O-O 11. a4 e5 12. Nc2 f5 13. exf5 Nxf5 14. a5 bxa5 15. Rxa5
c5 16. Be4 Bxe4 17. Qxe4 Kh8 18. Ne3 Nxe3 19. Bxe3 Nf6 20. Qh4 a6 21. Rfa1 Rb8
22. Rxa6 cxb4 23. cxb4 Rxb4 24. Bxh6 Qb8 25. Bd2+ Nh7 26. Bxb4 Qxb4 27. h3 1-0

[Event "I Miedzynarodowy Memorial Ireny Warakomskiej - Open A"]
[Site "Suwalki"]
[Date "2017-08-11"]
[Round "1.16"]
[White "Jakubiec, Edyta"]
[Black "Leniart, Arkadiusz "]
[Result "0-1"]
[WhiteTitle ""]
[BlackTitle ""]
[WhiteElo "2212"]
[BlackElo "2480"]

1. e4 c5 2. Ne2 Nc6 3. d4 cxd4 4. Nxd4 Nf6 5. Nc3 e5 6. Ndb5 d6 7. Bg5 a6 8. Na3
b5 9. Bxf6 gxf6 10. Nd5 Bg7 11. c3 f5 12. Bd3 Be6 13. Nxb5 axb5 14. Bxb5 Bd7 15.
exf5 O-O 16. O-O Kh8 17. Re1 f6 18. a4 Rb8 19. Qd3 Ne7 20. Nxe7 Qxe7 21. c4 Bc8
22. a5 Bb7 23. Qa3 Rg8 24. a6 Ba8 25. a7 Rb6 26. Re3 Bf8 27. Rg3 Rxg3 28. hxg3
d5 29. Qa5 Qb7 30. Ba6 Qxa7 31. cxd5 Rxb2 32. Kh2 Qb6 33. Qxb6 Rxb6 34. Bc4 Bb7
35. Ra2 Bc5 36. Rc2 Kg7 37. g4 Kf8 38. Ba2 Rb5 39. Bc4 Rb4 40. Ba2 Bb6 41. Kh3
Ke7 42. Kh4 Kd6 43. Rd2 Bd4 44. Kh5 Bxd5 45. Bxd5 Kxd5 46. g5 fxg5 47. Kxg5 Rb8
48. f3 Kc4 49. Ra2 Rf8 50. f6 e4 51. Ra4+ Kc5 52. fxe4 Rxf6 53. Ra5+ Kb4 54. Rd5
h6+ 55. Kg4 Kc4 56. Rf5 Re6 57. Kf4 Kd3 58. e5 Be3+ 59. Kf3 Bg5 60. g3 Kd4 61.
g4 Ra6 62. Kg3 Ke4 63. Kf2 Bf4 0-1

[Event "I Miedzynarodowy Memorial Ireny Warakomskiej - Open A"]
[Site "Suwalki"]
[Date "2017-08-11"]
[Round "1.17"]
[White "Krzyzanowski, Marcin "]
[Black "Stachanczyk, Jacek "]
[Result "1-0"]
[WhiteTitle ""]
[BlackTitle ""]
[WhiteElo "2464"]
[BlackElo "2209"]

1. e4 c5 2. Nf3 d6 3. d4 cxd4 4. Nxd4 Nf6 5. Nc3 g6 6. Be3 Bg7 7. f3 O-O 8. Qd2
Nc6 9. O-O-O d5 10. Qe1 e5 11. Nxc6 bxc6 12. exd5 Nxd5 13. Bc4 Be6 14. Kb1 Rb8
15. Bb3 Qe7 16. Ne4 Nxe3 17. Qxe3 Bxb3 18. cxb3 a5 19. Qc5 Qc7 20. Rd6 Rfc8 21.
Rhd1 Bf8 22. Nf6+ Kh8 23. Qe3 Qe7 24. Ne4 Rd8 25. Qd2 Rxd6 26. Qxd6 Qxd6 27. Nxd6
Kg7 28. Nc4 Rb5 29. Rd7 Kf6 30. Rc7 Rc5 31. Nd2 Rd5 32. Rxc6+ Kg7 33. Kc2 1-0

[Event "I Miedzynarodowy Memorial Ireny Warakomskiej - Open A"]
[Site "Suwalki"]
[Date "2017-08-11"]
[Round "1.18"]
[White "Tomaszewski, Kacper"]
[Black "Jarmula, Lukasz"]
[Result "0-1"]
[WhiteTitle ""]
[BlackTitle ""]
[WhiteElo "2203"]
[BlackElo "2457"]

1. d4 Nf6 2. c4 e6 3. Nf3 b6 4. Bf4 Bb7 5. e3 Be7 6. Bd3 Nh5 7. Bg3 d6 8. Nc3 Nd7
9. Qe2 g6 10. O-O-O a6 11. Kb1 c6 12. h3 Nxg3 13. fxg3 b5 14. g4 Nb6 15. c5 Nd7
16. cxd6 Bxd6 17. Ne4 Be7 18. h4 Qc7 19. h5 gxh5 20. Rxh5 Nf6 21. Nxf6+ Bxf6 22.
g5 Bg7 23. Rdh1 O-O-O 24. Rxh7 Kb8 25. Qf1 Rhg8 26. g6 fxg6 27. Bxg6 c5 28. Qf2
cxd4 29. Nxd4 Qe5 30. R7h5 Qf6 31. Qxf6 Bxf6 32. Bc2 Rxg2 33. Re1 Bxd4 34. exd4
Rxd4 35. Bb3 Be4+ 36. Ka1 Bf5 37. a4 Rb4 38. Rh8+ Kc7 39. Bxe6 Rxa4+ 40. Ba2 Rd4
41. Rf8 Bd7 42. Rc1+ Kb6 43. Rf6+ Ka5 44. Rb1 b4 45. Re1 Bb5 46. Bf7 Rdd2 47.
Be8 Rxb2 48. Bxb5 Ra2+ 49. Kb1 Rgb2+ 50. Kc1 Rc2+ 51. Kb1 Rcb2+ 52. Kc1 axb5 53.
Re8 Rc2+ 54. Kb1 b3 55. Rf5 Rcb2+ 56. Kc1 Rh2 57. Ra8+ Kb6 58. Rf6+ Kb7 0-1

[Event "I Miedzynarodowy Memorial Ireny Warakomskiej - Open A"]
[Site "Suwalki"]
[Date "2017-08-11"]
[Round "1.19"]
[White "Barski, Radoslaw "]
[Black "Juhasz, Barbara"]
[Result "1/2-1/2"]
[WhiteTitle ""]
[BlackTitle ""]
[WhiteElo "2444"]
[BlackElo "2200"]

1. e4 c5 2. Nf3 e6 3. d4 cxd4 4. Nxd4 a6 5. c4 Nf6 6. Nc3 Qc7 7. Be2 Bb4 8. Qd3
Nc6 9. Nc2 Ne5 10. Qg3 Bxc3+ 11. bxc3 O-O 12. Bh6 Ne8 13. Be3 d6 14. c5 Nd7 15.
cxd6 Qxc3+ 16. Kd1 e5 17. Bg5 Qxg3 18. hxg3 Nxd6 19. f3 Re8 20. Kc1 Nb6 21. Rd1
Nbc4 22. Be7 Rxe7 23. Bxc4 Be6 24. Rxd6 Bxc4 25. Kb2 Be6 26. Rad1 f6 27. Ne3 Rc8
28. g4 Kf7 1/2-1/2

[Event "I Miedzynarodowy Memorial Ireny Warakomskiej - Open A"]
[Site "Suwalki"]
[Date "2017-08-11"]
[Round "1.20"]
[White "Walter, Szymon "]
[Black "Bilguun, Sumiya"]
[Result "1/2-1/2"]
[WhiteTitle ""]
[BlackTitle ""]
[WhiteElo "2194"]
[BlackElo "2443"]

1. e4 c5 2. Nc3 e6 3. f4 Nc6 4. Nf3 a6 5. g3 d6 6. Bg2 g6 7. d4 cxd4 8. Nxd4 Bg7
9. Be3 Nge7 10. Qd2 O-O 11. O-O Qc7 12. Rad1 Rd8 13. Nxc6 bxc6 14. Na4 Rb8 15.
Bc5 Nd5 16. Bf2 Ne7 17. e5 d5 18. b4 h5 19. h3 Nf5 20. g4 hxg4 21. hxg4 Ne7 22.
Bh4 a5 23. a3 axb4 24. axb4 d4 25. Nc5 Rf8 26. Qxd4 Nd5 27. c3 f5 28. exf6 Nxf6
29. Bxf6 Bxf6 30. Qc4 Kh8 31. Rd3 e5 32. f5 Kg7 33. Rfd1 Rf7 34. fxg6 Kxg6 35.
Qe4+ Kg7 36. Rd6 Kf8 37. g5 Bxg5 38. Qxe5 Bf6 39. Qf4 Kg8 40. R1d3 Bf5 41. Rg3+
Bg7 42. Qe5 Re7 43. Ne6 Bxe6 44. Rxg7+ Rxg7 45. Qxe6+ Kh8 46. Qh6+ Kg8 47. Qe6+
Kh8 1/2-1/2

[Event "I Miedzynarodowy Memorial Ireny Warakomskiej - Open A"]
[Site "Suwalki"]
[Date "2017-08-11"]
[Round "1.21"]
[White "Kashlinskaya, Alina"]
[Black "Kumala, Aleksander "]
[Result "1-0"]
[WhiteTitle ""]
[BlackTitle ""]
[WhiteElo "2440"]
[BlackElo "2189"]

1. d4 Nf6 2. c4 Nc6 3. Nf3 e6 4. Nc3 Bb4 5. Qc2 d6 6. Bd2 O-O 7. a3 Bxc3 8. Bxc3
Re8 9. e3 e5 10. dxe5 Nxe5 11. Nxe5 dxe5 12. h3 b6 13. Bd3 Bb7 14. O-O-O Qe7 15.
f4 e4 16. Be2 Nd7 17. g4 Nc5 18. Kb1 Bc6 19. Rdf1 Ba4 20. Qd2 Red8 21. Qe1 Nd3
22. Qg3 b5 23. f5 bxc4 24. f6 Qc5 25. Rf5 Qb6 26. Qh4 Bc2+ 27. Ka1 Qd6 28. Rh5
Nxb2 29. Bb4 Qxf6 30. Qxf6 gxf6 31. Kxb2 Bd3 32. Bd1 c6 33. Ba4 a5 34. Bc3 Rab8+
35. Ka1 Be2 36. Rb1 Rxb1+ 37. Kxb1 Rd3 38. Bxf6 Rxa3 39. Rg5+ Kf8 40. Rxa5 1-0

[Event "I Miedzynarodowy Memorial Ireny Warakomskiej - Open A"]
[Site "Suwalki"]
[Date "2017-08-11"]
[Round "1.22"]
[White "Sowul, Bartosz "]
[Black "Grib, Roman"]
[Result "0-1"]
[WhiteTitle ""]
[BlackTitle ""]
[WhiteElo "2183"]
[BlackElo "2427"]

1. d4 Nf6 2. Bg5 Ne4 3. Bf4 d5 4. e3 c5 5. Bd3 Nc6 6. Bxe4 dxe4 7. d5 Nb4 8. Nc3
e6 9. d6 Qa5 10. Qd2 Bd7 11. Rd1 O-O-O 12. a3 Na6 13. Nxe4 Qxd2+ 14. Rxd2 Bc6
15. Ng5 Rd7 16. f3 e5 17. Bg3 h6 18. Ne4 f5 19. Nc3 Bxd6 20. e4 f4 21. Bf2 Bc7
22. Rxd7 Kxd7 23. Nge2 Ke6 24. Nc1 b5 25. Nd3 Bd6 26. O-O c4 27. Nb4 Nxb4 28.
axb4 Bxb4 29. Bxa7 Ra8 30. Bf2 Bd6 31. g3 g5 32. Rd1 b4 33. Nd5 Ra2 34. Nb6 c3
35. bxc3 bxc3 36. Nc4 Bc7 37. Rc1 Ba4 38. Nb6 Rxc2 39. Rxc2 Bxc2 40. Nd5 Ba5 41.
Nxc3 Bxc3 42. Kg2 h5 43. h3 fxg3 44. Kxg3 Bd2 45. Bc5 Bf4+ 46. Kf2 Kd7 47. Ba3
Bb3 48. Kg2 Be6 49. Bb4 Kc6 0-1

[Event "I Miedzynarodowy Memorial Ireny Warakomskiej - Open A"]
[Site "Suwalki"]
[Date "2017-08-11"]
[Round "1.23"]
[White "Hnydiuk, Aleksander"]
[Black "Bukojemski, Adam "]
[Result "1-0"]
[WhiteTitle ""]
[BlackTitle ""]
[WhiteElo "2424"]
[BlackElo "2183"]

1. Nf3 Nf6 2. c4 g6 3. d4 Bg7 4. g3 O-O 5. Bg2 d6 6. Nc3 Nc6 7. O-O Rb8 8. Bf4
a6 9. Rc1 b5 10. Nd5 bxc4 11. Nxf6+ exf6 12. Rxc4 Ne7 13. Qc1 Be6 14. Ra4 Rb6
15. b3 Bd7 16. Rc4 Bb5 17. Rc2 Nd5 18. Bh6 Bxh6 19. Qxh6 Nb4 20. Rb2 d5 21. a3
Nc6 22. Qd2 Re8 23. Rc1 Ne7 24. e3 Qd6 25. Ra1 Reb8 26. Rc2 Rc6 27. Rxc6 Bxc6
28. Qc3 Bd7 29. Nd2 Rb6 30. Qb2 c6 31. Rc1 Qb8 32. Bf1 Nc8 33. Qc3 Nd6 34. b4
h5 35. Nb3 h4 36. Nc5 Qa7 37. Bd3 hxg3 38. hxg3 Kg7 39. Kg2 Nb5 40. Qb2 Rb8 41.
a4 Nd6 42. Nxa6 Bf5 43. Nxb8 Bxd3 44. Nxc6 Qxa4 45. Na5 Qd7 46. Qc3 Be4+ 47. f3
Qg4 48. fxe4 Qe2+ 49. Kg1 Nxe4 50. Qe1 Qf3 51. Rc2 Nxg3 52. Rg2 Ne4 53. b5 1-0

[Event "I Miedzynarodowy Memorial Ireny Warakomskiej - Open A"]
[Site "Suwalki"]
[Date "2017-08-11"]
[Round "1.24"]
[White "Paprocki, Jaroslaw "]
[Black "Zawadzka, Jolanta"]
[Result "0-1"]
[WhiteTitle ""]
[BlackTitle ""]
[WhiteElo "2183"]
[BlackElo "2420"]

1. e4 c5 2. Nf3 e6 3. d4 cxd4 4. Nxd4 Nc6 5. Nc3 Qc7 6. Be2 Nf6 7. O-O Be7 8. Be3
O-O 9. f4 d6 10. Qd3 Rd8 11. Rad1 Nxd4 12. Bxd4 e5 13. Be3 Bd7 14. f5 b5 15. a3
Rac8 16. Bf3 Qb7 17. g4 h6 18. Rf2 Rxc3 19. Qxc3 Nxe4 20. Qa5 Ra8 21. f6 gxf6
22. Bxh6 Bc6 23. Rff1 Kh7 24. Be3 f5 25. Qe1 f4 26. Bc1 Qb6+ 27. Kh1 Ng5 28. Bd5
Kg7 29. h4 Bxd5+ 30. Rxd5 Qc6 31. Qd1 Ne4 32. Kh2 Bxh4 33. Bxf4 Rh8 34. Kg1 Nf6
35. Bxe5 dxe5 36. Rxe5 Qc4 37. Ref5 Qe4 38. Qf3 Qd4+ 39. Kg2 Qd2+ 40. Kg1 Qd4+
41. Kg2 Qd2+ 42. Kg1 Bg5 0-1

[Event "I Miedzynarodowy Memorial Ireny Warakomskiej - Open A"]
[Site "Suwalki"]
[Date "2017-08-11"]
[Round "1.25"]
[White "Molenda, Marcin"]
[Black "Wozniak, Mariola "]
[Result "1/2-1/2"]
[WhiteTitle ""]
[BlackTitle ""]
[WhiteElo "2420"]
[BlackElo "2181"]

1. d4 f5 2. Nc3 Nf6 3. Bg5 d5 4. Bxf6 exf6 5. e3 Be6 6. Bd3 Nc6 7. a3 Qd7 8. Qf3
O-O-O 9. Nge2 Kb8 10. O-O-O g6 11. h4 h5 12. Nf4 Bf7 13. Bb5 a6 14. Ba4 g5 15.
Nd3 b5 16. Bb3 Na5 17. Ba2 Nc4 18. hxg5 fxg5 19. Bxc4 bxc4 20. Ne5 Qe6 21. e4
dxe4 22. Nxe4 g4 23. Qf4 Qh6 24. Qxh6 Bxh6+ 25. Kb1 Bd5 26. Nf6 Bg7 27. Nxd5 Rxd5
28. Ng6 Re8 29. c3 Rd6 30. Nh4 Rd5 31. Rde1 Rxe1+ 32. Rxe1 Kc8 33. Re6 Kd7 34.
Rxa6 Bf8 35. Rg6 Be7 36. Rg7 Ke6 37. Ng6 Bd6 38. Rh7 Kf6 39. Nh8 f4 40. Kc2 c5
41. Rf7+ Ke6 42. dxc5 Rxc5 43. Rh7 Re5 44. Rh6+ Kd7 45. Kd1 Rd5+ 46. Ke1 Rb5 47.
Nf7 Bc7 48. a4 Rxb2 49. Rxh5 Rb1+ 50. Ke2 Rb2+ 51. Ke1 Rb1+ 1/2-1/2